Sonic The Hedgehog Characters - Statistics

General Stats
  • This quiz has been taken 1,454 times
  • The average score is 23 of 34
Answer Stats
Picture Answer % Correct
Sonic
100%
Tails
98%
Knuckles
97%
Amy Rose
95%
Shadow
95%
Dr Eggman
94%
Silver
91%
Metal Sonic
89%
Rouge
86%
Blaze
85%
Cream
83%
Big
80%
Vector
75%
Maria Robotnik
72%
Espio
71%
Charmy
67%
Sticks
65%
E-123 Omega
64%
Jet
63%
Gerald Robotnik
60%
Chaos
58%
Vanilla
58%
Cubot
55%
Orbot
53%
Infinite
51%
Black Doom
48%
Wave
48%
Storm
47%
Sage
46%
Tikal
44%
Surge
42%
Whisper
40%
Tangle
39%
Kitsunami
27%
No matching quizzes found
Score Distribution
Percent of People with Each Score
Percentile by Number Answered
Your Score History
You have not taken this quiz